Vývoj spotřebitelských cen a životních nákladů v lednu a únoru 1992.

Štatistické údaje o vývoji spotrebiteľských cien v januári a februári 1992. Vývoj indexu životných nákladov a spotrebiteľských cien podľa mesiacov a podľa sociálnych skupín. Priemerné spotrebiteľské ceny vybraných druhov tovarov a služieb v r. 1992.

Salvato in:
Dettagli Bibliografici
Natura: Capitolo di libro
Lingua:ceco
Soggetti:
Tags: Aggiungi Tag
Nessun Tag, puoi essere il primo ad aggiungerne!!

MARC

LEADER 00000naa a2200000 4500
001 r007821
005 20220831090936.7
041 0 |a cze 
044 |a [CS] 
245 1 0 |a Vývoj spotřebitelských cen a životních nákladů v lednu a únoru 1992. 
520 |a Štatistické údaje o vývoji spotrebiteľských cien v januári a februári 1992. Vývoj indexu životných nákladov a spotrebiteľských cien podľa mesiacov a podľa sociálnych skupín. Priemerné spotrebiteľské ceny vybraných druhov tovarov a služieb v r. 1992. 
610 2 0 |a ceny maloobchodné 
610 2 0 |a údaje štatistické 
610 2 0 |a 1991-1992 
610 2 0 |a náklady životné 
610 2 0 |a indexy cenové 
610 2 0 |a ČSFR 
610 2 0 |a ceny 
610 2 0 |a služby 
610 2 0 |a potraviny 
610 2 0 |a skupiny sociálne